000 00898nam a2200181 i 4500
001 74234
003 ES-MaACL
005 20231207063016.0
007 t|
008 040916s1924 sp ||||1| spa d
100 1 _aAmezúa y Mayo, Agustín G. de,
_d1881-1956
_921219
245 1 0 _aInforme que el Concejal Delegado del Excelentísimo Ayuntamiento de Madrid en el Consejo de Administración del Canal de Isabel II D. Agustin Gonzalez de Amezua y Mayo eleva a la Excma. Alcaldía, Presidencia y Comisión Municipal Permanente sobre la consulta que a la misma ha dirigido el Exmo. Sr. Presidente de la Comisión Dictaminadora en el asunto Sociedad Hidráulica Santillana y Canal de Isabel II.
260 _aMadrid :
_b[s.n.],
_c1924 (
_fImprenta Cervantes)
300 _a62 p. ;
_c24 cm.
610 2 _aCanal de Isabel II.
_92422
852 _aES-MaACL
_j1507-F-12
999 _c74234
_d74234